Soccer Teams Erling Haaland Has Played For - Statistics

General Stats
  • This quiz has been taken 196 times
    129 since last reset
  • The average score is 5 of 6
Answer Stats
Years Appearances Goals Club % Correct
2022- 66 63 Manchester City
98%
2020-2022 67 62 Borussia Dortmund
97%
2019- (International) 21 20 Norway
95%
2018-2020 16 17 Redbull Salzburg
78%
2017-2018 39 14 Molde
62%
2016-2017 16 0 Bryne
21%
No matching quizzes found
Score Distribution
Percent of People with Each Score
Percentile by Number Answered
Your Score History
You have not taken this quiz since the last reset